000 01241nam2a22002771 4500
001 v19\rc\1884801
005 20251118180338.1
035 _a(NLR Aleph) 004973608
090 _a6110684
_c6110684
100 _a20080221d1910 u y0rusy50 ca
101 0 _arus
102 _aRU
105 _aa z |||||
200 0 _aЧ. 1. [Тетр. 1]
210 _d1910
215 _a[1], 310 с.
_cил.
461 0 _1001v19\rc\1884800
_12001#$aГеодезия$eКурс мл. класса имп. Николаев. воен. акад.$f[Соч.] полк. Д. Сергиевского$vЧ. 1. [Тетр. 1]
_1700#1$aСергиевский$bД.Д.$f1867-1920$gДмитрий Дмитриевич
_96110678
_aСергиевский, Д.Д. (1867-1920)
_cСанкт-Петербург
_d1910-1911
_f[Соч.] полк. Д. Сергиевского
_nтипо-лит. И. Трофимова
_oКурс мл. класса имп. Николаев. воен. акад.
_tГеодезия
_vЧ. 1. [Тетр. 1]
801 0 _aRU
_bNLR
_gpsbo
801 0 _aRU
_bRuMoRGB
_2psbo
801 1 _aRU
_bProSoft-M
_2rusmarc
852 _aNLR
_j83-10/19
899 _aRuMoRGB
_jO 58/39
899 _aRuMoRGB
_jU 268/8
899 _aRuMoRGB
_jΔ 737/235
942 _cBOOK
980 _aNB